Statistics for Management (Record no. 4309)

MARC details
000 -LEADER
fixed length control field 00348nam a2200145Ia 4500
008 - FIXED-LENGTH DATA ELEMENTS--GENERAL INFORMATION
fixed length control field 191201s2009 xx 000 0 und d
082 ## - DEWEY DECIMAL CLASSIFICATION NUMBER
Classification number 519.519
Item number SHS
100 ## - MAIN ENTRY--PERSONAL NAME
Personal name SHARMA,Anand
245 #0 - TITLE STATEMENT
Title Statistics for Management
250 ## - EDITION STATEMENT
Edition statement Rep
260 ## - PUBLICATION, DISTRIBUTION, ETC. (IMPRINT)
Place of publication, distribution, etc N.Delhi
Name of publisher, distributor, etc Himalaya Publication House
Date of publication, distribution, etc 2009
300 ## - PHYSICAL DESCRIPTION
Extent 489
650 ## - SUBJECT ADDED ENTRY--TOPICAL TERM
Topical term or geographic name as entry element MBA
942 ## - ADDED ENTRY ELEMENTS (KOHA)
Source of classification or shelving scheme Dewey Decimal Classification
Koha item type Text Books
Holdings
Withdrawn status Lost status Source of classification or shelving scheme Damaged status Not for loan Collection code Home library Current library Date acquired Source of acquisition Cost, normal purchase price Bill Number Total Checkouts Full call number Acc. no. / Barcode Date last seen Bill Date Koha item type Date last borrowed Checked out Public note
    Dewey Decimal Classification     MBA PIET C-LIBRARY PIET C-LIBRARY 16/01/2010 J B C, New Delhi 360.00 SI-4063   519.515 SHS 14423 04/12/2019 06/01/2010 Text Books      
    Dewey Decimal Classification     MBA PIET C-LIBRARY PIET C-LIBRARY 16/01/2010 J B C, New Delhi 360.00 SI-4063   519.515 SHS 14424 04/12/2019 06/01/2010 Text Books      
    Dewey Decimal Classification     MBA PIET C-LIBRARY PIET C-LIBRARY 23/08/2012 IBH, New Delhi 360.00 8685   519.515 SHS 20737 04/12/2019 18/08/2012 Text Books      
    Dewey Decimal Classification     MBA PIET C-LIBRARY PIET C-LIBRARY 23/08/2012 IBH, New Delhi 360.00 8685   519.515 SHS 20738 04/12/2019 18/08/2012 Text Books      
    Dewey Decimal Classification     MBA PIET C-LIBRARY PIET C-LIBRARY 23/08/2012 IBH, New Delhi 360.00 8685 2 519.515 SHS 20739 03/01/2024 18/08/2012 Text Books 27/12/2023    
    Dewey Decimal Classification     MBA PIET C-LIBRARY PIET C-LIBRARY 23/08/2012 IBH, New Delhi 360.00 8685 1 519.515 SHS 20740 22/01/2022 18/08/2012 Text Books 22/01/2022 21/07/2022 .
    Dewey Decimal Classification     MBA PIET C-LIBRARY PIET C-LIBRARY 23/08/2012 IBH, New Delhi 360.00 8685   519.515 SHS 20741 04/12/2019 18/08/2012 Text Books      
    Dewey Decimal Classification     MBA PIET C-LIBRARY PIET C-LIBRARY 23/08/2012 IBH, New Delhi 360.00 8685   519.515 SHS 20742 04/12/2019 18/08/2012 Text Books      

Design & Developed by: PIET Central Library
R70 Miles Stone Pattikalyana Samalkha Panipat 132102
mail ID :- [email protected], Phone No:- 0180-2569700 Ex.216